000 00523nam a22001817a 4500
005 20251108164942.0
008 250721s2002 xx 000 0 ara d
082 1 4 _a610.73/صفد
100 1 _aالصفدي، عصام حمدي
245 1 0 _aأساسيات التمريض /
264 1 _aعمان :
_bدار المسيرة،
_c2002.
300 _a216ص
650 1 7 _aالتمريض
700 1 _aصالح، ناصر عوض
700 1 _aالبستنجي، يحيى سليمان
942 _2ddc
_cBK
999 _c18241
_d18241